000 00433nam a2200157Ia 4500
003 GCL
008 140319s9999 xx 000 0 eng d
040 _aGCL /
_cGCL
082 0 4 _a621.389
_bL D
100 1 _aLOVEDAY, GEORGE
245 1 0 _aDIGITAL AND ANALOGUE ELECTRONICS FOR HNC /
_cLOVEDAY, GEORGE
260 _a[S.N] :
_bLONGMAN SCIENTIFIC AND TECHNICAL ،
_c1993
300 _a235 P
650 0 4 _aELECTRONICS
942 _2ddc
_cBK
999 _c21383
_d21383